Kura-kura yang cerdik

Bibliographic Details
Main Author: Norsiah Mohd Ali
Format: Book
Published: Selangor : Pustaka seri Idaman , 2007
Series:Siri rimba mustika
Subjects:

MARC

LEADER 00000cam a2200000 7i4500
001 0000054194
005 20220105104202.0
008 151103
020 |a 9789833312896 (set) 
020 |a 9833312950 
090 0 0 |a ANM   |b MAL 
100 1 |a Norsiah Mohd Ali 
245 1 0 |a Kura-kura yang cerdik   |c Norsiah Mohd Ali 
260 |a Selangor :   |b Pustaka seri Idaman ,   |c 2007 
490 1 |a Siri rimba mustika 
500 |a Children age 4-6 years old (yellow) 
650 0 |a Animals   |x Fiction 
650 0 |a Children's stories,Malay 
999 |a 0001077886   |b Book   |c Children Collection   |e Cawangan Segamat 
999 |a 0001077890   |b Book   |c Children Collection   |e Cawangan Mersing 
999 |a 0001077943   |b Book   |c Children Collection   |e Cawangan Segamat